Quizzes
Events
Quiz Creation
Community
Videos
Private Events
Remove Ads
Sign In
Join for FREE
Feedback
Dark Mode
Quiz Categories
Sports
Geography
Music
Movies
Television
Just For Fun
Miscellaneous
History
Literature
Language
Science
Gaming
Entertainment
Religion
Holiday
For Kids
Quiz Lab
Recent
Popular Today
Quiz Kudos Today
Editor Picks
Curator Picks
Quizzes by...
Day
Popularity
Type
Ratings
Length
Year
Community
Subscriptions
Recent Discussions
Orange Saloon
Badges
Playlists
Quests
Create
Leaderboards
Showdown
Live 5
Trivia Bingo
Activity
Puzzle Library
Sporcle Events
Private Events
Virtual Trivia
Globe League
Become a Host
Pub Owners
SporcleCon
Opinionation
Our Games
Videos
Blog
Mobile Apps
Partnerships
Remove Ads and Go Orange
Feedback
Just For Fun
Clickable
Get the Picture
Humor
Quick Pick
Word Ladder
Missing Word
Mixed Word
Blitz
Minefield
This or That
Alphabet
Color
Typing
Sporcle
Puzzle
Word Play
Follow That Line
Logic
Just For Fun
Clickable
Get the Picture
Humor
Quick Pick
Word Ladder
Missing Word
Mixed Word
Blitz
Minefield
This or That
Alphabet
Color
Typing
Sporcle
Puzzle
Word Play
Follow That Line
Logic
Random Quiz
Search Sporcle
×
Editor Pick
Editor Pick
Just For Fun
Typing
Type in answers that appear in a list
Type in answers that appear in a list
Classic
Best Score? Go Orange.
2 Minute Typing Quiz Stats
Can you name the words listed in two minutes (or less)?
By
rer2121
2m
56 Questions
2,211 Plays
2,211 Plays
2,211 Plays
Comments
Comments
Give Quiz Kudos
Give Quiz Kudos
-
- Ratings
hide this ad
No Skip
Answers have to be entered in order without skipping
Answers have to be entered in order without skipping
Replay
Link that replays current quiz
Next Quiz
Link to next quiz in quiz playlist
You Got
0%
They Got
Avg Score
83%
Avg Friend Score
Upgrade to see
Score Distribution
Jump to the score distribution portion of the page
Score
0/56
Timer
02:00
0
Plays Today
Word
Typed Word
% Correct
?
???
100%
?
???
99.4%
?
???
99%
?
???
98.8%
?
???
98.4%
?
???
98%
?
???
97.7%
?
???
97.6%
?
???
96.9%
?
???
96.7%
?
???
96.3%
?
???
96.2%
?
???
96%
?
???
95.8%
?
???
95.7%
?
???
95.4%
?
???
95.3%
?
???
95.3%
?
???
95.1%
?
???
94.8%
?
???
94.7%
?
???
94.6%
?
???
94.5%
?
???
94.2%
?
???
94.1%
?
???
93.9%
?
???
93.8%
?
???
93.5%
Word
Typed Word
% Correct
?
???
93.2%
?
???
92.6%
?
???
92.3%
?
???
91.8%
?
???
90.9%
?
???
90.2%
?
???
89.7%
?
???
89%
?
???
88.1%
?
???
86.6%
?
???
85.3%
?
???
83.1%
?
???
80.6%
?
???
78%
?
???
75.9%
?
???
73.4%
?
???
70.2%
?
???
67.5%
?
???
64%
?
???
60.8%
?
???
56.9%
?
???
52.9%
?
???
49.7%
?
???
46.4%
?
???
43.2%
?
???
40.7%
?
???
37.2%
?
???
17%
Quiz Playlist
Details
Report
Send in Message
Add To Playlist
Classic:
Type in answers that appear in a list
No Skip:
Answers have to be entered in order without skipping
Last Updated: Feb 16, 2017
Editor Pick in
Just For Fun
Quiz Scoreboard
CHALLENGE
Sign Up to Join the Scoreboard
Show All
Scores
Hide
Comments
May contain spoilers
Recently Published
College Basketball Coaching Resumes
by pancakes188
Sports
9m
Billboard Blitz: Fleetwood Mac
by CooCooCachoo
Music
15s
Presidents Visiting Landmarks
by Hejman
History
7m
More to Explore
Quiz From the Vault
Featured Blog Post
Where Did the Easter Bunny Come From?
hide this ad
You Might Also Like...
Tags
Typing Quiz
less
minute
Today's Top Quizzes in Just For Fun
Browse Just For Fun
hide this ad
Today's Top Quizzes in Typing
Browse Typing
Top Contributed Quizzes in Just For Fun
1
Killer Double Trees 224 - Colour Match-Up
2
Spring Typing Challenge
3
Crossword Whiteout! 49
4
Zeroing In: Just For Fun
5
Survivor Winners Logic Puzzle
6
Harry Potter Logic - 'In Chains' II
7
Word Ladder: Ahoy Matey
8
Kyle's 122nd Triple Trees
9
Word Ladder: Wilderness Weapon
10
Name Just One - 10 to 1: Just For Fun
Explore More
Trending Topics
Kpop
Harry Potter
Disney
NBA
Crossword
Marvel
Anime
NFL
Country
Puzzle
Song
Soccer
Pokémon
The Office
WWE
hide this ad
More By:
rer2121
Quiz
Plays
Rating
Category
Featured
Created
Quick Sort Minefield Blitz
262,052
3.13
Just For Fun
May 13, 2012
Fill in the Lyrics
242,437
4.13
Music
Apr 5, 2012
World Cities Match 'Em Up
184,952
4.69
Geography
Dec 7, 2012
Fill in the Lyrics II
123,119
3.84
Music
Apr 21, 2012
Word to Number Blitz
70,826
3.90
Just For Fun
Sep 29, 2012
Go to Creator's Profile
Score Distribution
Quiz Creator Spotlight
rer2121
Follow
Send a Message
Quizzes Created
-
Created Quiz Play Count
-
More By This Creator
Popular Quizzes Today
1
Find the US States - No Outlines Minefield
2
Find the Countries of Europe - No Outlines Minefield
3
The Countries of the World
4
Find the US States
5
Risky Map Clicking: Biggest States A-Z
6
US States
7
Popular People in 1961
8
Movies - When Are They Set?
More Just For Fun Quizzes
Word Ladder: Janis Joplin
Published
Trending Quizzes
Risky Map Clicking: Least Populous States A-Z
1-10 Letter G Words
1-10 Letter F Words
Risky Map Clicking: Next State Alphabetically
Risky Map Clicking: Biggest States A-Z
Recently Updated
Leaping Animals
pecheneg
Reality TV Shows (A-Z)
bhenderson79
Rickey Henderson's Hall of Fame Teammates
pecheneg
Champions League XIs: Arsenal
pecheneg
Quick Pick: Celebrities in WWE's Hall of Fame
aduchscher
A-Z Keypad Blitz II
pecheneg
Multiple Oscar Actors
pecheneg
Mystery Phrase Blitz: Oscar 'Best Actors'
pecheneg
F. Scott Fitzgerald Novels
LTH
Pick 3 Villains
ddd62291
Trending Topics
Crossword
Kpop
Disney
Harry Potter
Marvel
Anime
NBA
Song
WWE
NFL
Country
Pokémon
Puzzle
The Office
Soccer
Your Account Isn't Verified!
In order to create a playlist on Sporcle, you need to verify the email address you used during registration. Go to your
Sporcle Settings
to finish the process.
Report this User
Report this user for behavior that violates our
Community Guidelines
.
Details:
Send Report
Go to the Sporcle.com Mobile Site →
Comments